Quiz o narodowościach piłkarzy #5 - Statystyki

Ogólne statystyki
  • Ten quiz został rozwiązany 278 razy
  • Średni wynik to 13 z 15
Statystyki odpowiedzi
Zagadnienie Odpowiedź % Poprawnych
Który kraj na arenie międzynarodowej reprezentuje Romelu Lukaku? Belgia
99%
Który kraj na arenie międzynarodowej reprezentuje Paulo Dybala? Argentyna
97%
Który kraj na arenie międzynarodowej reprezentuje Josko Gvardiol? Chorwacja
97%
Który kraj na arenie międzynarodowej reprezentuje Mikael Ishak? Szwecja
93%
Który kraj na arenie międzynarodowej reprezentuje Cristian Romero? Argentyna
89%
Który kraj na arenie międzynarodowej reprezentuje Alex Sandro? Brazylia
89%
Który kraj na arenie międzynarodowej reprezentuje Stanislav Lobotka? Słowacja
89%
Który kraj na arenie międzynarodowej reprezentuje Charles De Ketelaere? Belgia
84%
Który kraj na arenie międzynarodowej reprezentuje Eric Maxim Choupo-Moting? Kamerun
82%
Który kraj na arenie międzynarodowej reprezentuje Mattéo Guendouzi? Francja
79%
Który kraj na arenie międzynarodowej reprezentuje Teun Koopmeiners? Holandia
79%
Który kraj na arenie międzynarodowej reprezentuje Giorgio Scalvini? Włochy
78%
Który kraj na arenie międzynarodowej reprezentuje Ismaël Bennacer? Algieria
77%
Który kraj na arenie międzynarodowej reprezentuje Fikayo Tomori? Anglia
74%
Który kraj na arenie międzynarodowej reprezentuje Noah Okafor? Szwajcaria
73%
Nie znaleziono quizów pasujących do podanych kryteriów
Rozkład punktacji
Procent ludzi z każdym wynikiem
Percentyl według liczby udzielonych odpowiedzi
Twoja historia wyników
Nie rozwiązałeś tego quizu